000 00598cam a22002291 4500
001 8913628
005 20180315044719.0
008 740322s1963 nyu 000 0 eng
010 _a 63011486
035 _a(OCoLC)838288
040 _aDLC
_cRUn
_dOCoLC
_dDLC
041 1 _aeng
042 _apremarc
080 _a701.17
082 _a701.17 SAR
100 1 _a45
101 _aMUZ
240 1 0 _aEssays.
_kSelections.
_lEnglish
245 1 0 _aEssays in aesthetics.
_cSelected and translated by Wade Baskin.
906 _a7
_bcbc
_coclcrpl
_du
_encip
_f19
_gy-gencatlg
942 _2ddc
_cBK
999 _c45075
_d45075